01338nam a22003137a 450000100060000000300090000600500170001500800480003202000150008004000220009508200190011709200060013610000400014224500830018226001130026530000230037849000830040150000720048450000330055665000540058965100510064365100480069483000820074294200120082494500270083695201260086395600200098999900150100900260DO-SdBNP20171109101234.0151111b 1976 sp xxu||||| |||| 00| 0 spa d a8400034775 aBPMSUbspacBPMSU 4a282.892bM827i a 1 aMora Mérida, José Luis, d1943-10aIglesia y sociedad en Paraguay en el siglo XVIII /cJosé Luis Mora Mérida aSevilla :bEscuela de Estudios Hispano-americanos, Consejo Superior de Investigaciones Científicas,c1976. a162 p. ; c19 cm. 1 aPublicaciones de la Escuela de Estudios Hispano-Americanos de Sevilla v; 235 aIncluye referencias bibliográficas y notas al pie de las paginas. aIncluye índice analítico aIGLESIA CATÓLICAzPARAGUAYxHISTORIAySIGLO XIX aPARAGUAYxHISTORIA ECLESIÁSTICAySIGLO XVIII aPARAGUAYxCONDICIONES SOCIALESySIGLO XVIII 0aPublicaciones de la Escuela de Estudios Hispano-Americanos de Sevilla ; n235 2ddccBK aInventariado, 2017/MFF 00102ddc40708CGaBPMETbBPMETd2015-11-11eDonaciónl0o282.892 M827ipBPMSU15110197r2015-11-11w2015-11-11yBK 2Lorenza Pérez c8646d8646